Strzelcy Premier League w klubach 2002/03 - Statystyki

Ogólne statystyki
  • Ten quiz został rozwiązany 15 razy
  • Średni wynik to 9 z 20
Statystyki odpowiedzi
Klub Narodowość # Nazwisko % Poprawnych
Arsenal Francja 24 Thierry Henry
100%
Liverpool Anglia 19 Michael Owen
87%
Manchester United Holandia 25 Ruud van Nistelrooy
87%
Newcastle United Anglia 17 Alan Shearer
73%
Chelsea Włochy 14 Gianfranco Zola
73%
Tottenham Hotspur Irlandia 13 Robbie Keane
73%
Manchester City Francja 14 Nicolas Anelka
67%
Leeds United Australia 20 Mark Viduka
40%
West Ham United Włochy/Anglia 9 Paolo Di Canio/Trevor Sinclair
40%
Blackburn Rovers Irlandia 9 Damien Duff
33%
Sunderland Anglia 6 Kevin Phillips
33%
Everton Kanada 11 Tomasz Radziński
33%
Bolton Wanderers Francja/Nigeria/Dania 7 Youri Djorkaeff/Jay-Jay Okocha/Henrik Pedersen
33%
Aston Villa Anglia 9 Dion Dublin
20%
Southampton Anglia 23 James Beattie
20%
Middlesbrough Włochy 9 Massimo Maccarone
20%
Charlton United Jamajka 10 Jason Euell
13%
Fulham Francja 6 Steed Malbranque
13%
Birmingham City Irlandia 6 Clinton Morrison
0%
West Bromwich Albion Anglia/Szkocja 5 Danny Dichio/Scott Dobie
0%
Nie znaleziono quizów pasujących do podanych kryteriów
Rozkład punktacji
Procent ludzi z każdym wynikiem
Percentyl według liczby udzielonych odpowiedzi
Twoja historia wyników
Nie rozwiązałeś tego quizu